La explosión de la crisis global: América Latina y Chile en la encrucijada
Enregistré dans:
| Auteur principal: | |
|---|---|
| Format: | Livre |
| Langue: | espagnol |
| Publié: |
Santiago
LOM
2009
|
| Édition: | 1a. ed |
| Collection: | Colección Ciencias Humanas
|
| Sujets: | |
| Tags: |
Ajouter un tag
Pas de tags, Soyez le premier à ajouter un tag!
|
MARC
| LEADER | 00000nam a2200000 a 4500 | ||
|---|---|---|---|
| 001 | UCH9157 | ||
| 003 | CL-VaPUC | ||
| 008 | 091224e20090000CL |||||||||||||||||spa|d | ||
| 020 | |a 9789560000972 | ||
| 082 | 0 | 4 | |a 332 |b LAR |2 21 |
| 100 | |a Lara Cortés, Claudio |e author |9 581147 | ||
| 245 | 1 | 3 | |a La explosión de la crisis global: América Latina y Chile en la encrucijada |
| 250 | |a 1a. ed | ||
| 300 | |a 267 p | ||
| 942 | |c BK | ||
| 945 | |d 20091224 00:00:00 |a cmena | ||
| 260 | |a Santiago |b LOM |c 2009 | ||
| 500 | |a El estallido de la burbuja inmobiliaria en Wall Street y su estela de desastres colocaron al sistema financiero global contra las cuerdas, y la economía mundial se hundió en la recesión más profunda de los últimos 80 años. Este desastre económico-financiero convergió con el largo deterioro que viene mostrando la supremacía norteamericana en el mundo y con una crisis económica y climática de inmensas proporciones. Ello ha dado lugar a una inédita crisis global, cuyos alcances aún no se han definido, pero es en su costado social donde se vislumbran los peores efectos. Esta crisis global exige un cambio sustancial en la forma como concebimos estos fenómenos y en las formas de pensar nuestras acciones individuales y colectivas. El presente libro pretende aportar en ese sentido, privilegiando el análisis de los embates de la crisis en América Latina y particularmente en Chile | ||
| 650 | 0 | |a Economía internacional |9 258254 | |
| 650 | 7 | |a CRISIS ECONOMICA |2 CL-VaPUC |9 546081 | |
| 650 | 0 | |a Globalización |9 361930 | |
| 650 | 0 | |a Problemas sociales |9 258537 | |
| 651 | 7 | |a CHILE |2 CL-VaPUC |9 546082 | |
| 651 | 0 | |a América Latina |9 255027 | |
| 583 | |a last modification |c 20091224 00:00:00 |k Rodrigo Vera | ||
| 490 | 0 | |a Colección Ciencias Humanas | |
| 999 | |c 339218 |d 339216 | ||
| 952 | |0 0 |1 0 |4 0 |6 332_000000000000000_LAR_2009 |7 0 |8 C |9 432710 |a BIBCUR |b BIBCUR |d 2019-11-22 |i 4627431 |l 1 |o 332 LAR 2009 |p 4627431 |r 2025-04-22 |s 2025-01-06 |w 2019-11-22 |y BK |k CAC | ||
| 952 | |0 0 |1 0 |4 0 |6 332_000000000000000_LAR_2009 |7 0 |8 C |9 432711 |a BIBCUR |b BIBCUR |d 2019-11-22 |i 4602579 |l 1 |o 332 LAR 2009 |p 4602579 |r 2025-04-22 |s 2025-01-06 |w 2019-11-22 |y BK |k CAC | ||